000
00333nam a2200133Ia 4500
008
240624s9999 xx 000 0 und d
041
_a
eng
082
_a
658.562 BER
100
_a
BERRY LEONARD L
245
_a
ON GREAT SERVICE A FRAMEWORK FOR ACTION
260
_c
1995
_a
New York
_b
Free Press
300
_a
292 : p.
365
_c
_b
15
999
_c
17363
_d
17363